[Event "GER-chT U14"]
[White "Beck, Jason"]
[Black "Schimann, Kirill"]
[Site "Kelheim"]
[Round "7"]
[Result "0-1"]
[Date "2022.12.30"]
[WhiteElo "1576"]
[BlackElo "1363"]
[PlyCount "116"]
[EventDate "2022.12.26"]
[EventType "team-swiss"]
[EventRounds "7"]
[EventCountry "GER"]
[SourceTitle "CBM 212 Extra"]
[Source "ChessBase"]
[SourceDate "2023.03.31"]
[SourceVersion "1"]
[SourceVersionDate "2023.03.31"]
[SourceQuality "1"]
[WhiteTeam "Stassfurt Einheit"]
[BlackTeam "Stuttgart Wolfbusch"]
[WhiteTeamCountry "GER"]
[BlackTeamCountry "GER"]

1. e4 c6 2. Nc3 d5 3. exd5 cxd5 4. d4 Bf5 5. Bd3 Bg6 6. h4 Bxd3 7. Qxd3 e6 8. Bf4 a6 9. 0-0-0 Bd6 10. Qg3 Bxf4+ 11. Qxf4 Nf6 12. Nge2 Nc6 13. f3 Rc8 14. Kb1 Qb6 15. g4 Na5 16. g5 Ng8 17. h5 Ne7 18. Qg4 Nc4 19. b3 Ne3 20. Qh3 Nxd1 21. Rxd1 Nf5 22. g6 hxg6 23. f4 Rxh5 24. Qf3 Qc6 25. Kb2 b5 26. Rc1 Ke7 27. Qd3 Rch8 28. Ng3 Nxg3 29. Qxg3 Rh3 30. Qe1 R8h4 31. Qd2 Qc7 32. Ne2 Rh2 33. Re1 Rxe2 34. Rxe2 Qxf4 35. Qb4+ Kf6 36. c3 Rh2 37. Rxh2 Qxh2+ 38. Ka3 g5 39. c4 dxc4 40. bxc4 Qg3+ 41. Kb2 Qf2+ 42. Kb1 Qxd4 43. Qe1 Qxc4 44. Qf2+ Kg6 45. Qd2 f5 46. Qa5 b4 47. Qa4 Qb5 48. Qb3 Kf6 49. Qb2+ e5 50. Qd2 Qb6 51. Qd7 b3 52. axb3 Qxb3+ 53. Ka1 Qa3+ 54. Kb1 Qb4+ 55. Ka1 Qa5+ 56. Kb2 Qb5+ 57. Qxb5 axb5 58. Kc2 g4 0-1

[Event "GER-chT U14"]
[White "Schimann, Kirill"]
[Black "Lueersen, Lukas"]
[Site "Kelheim"]
[Round "6"]
[Result "1/2-1/2"]
[Date "2022.12.29"]
[WhiteElo "1363"]
[BlackElo "1594"]
[PlyCount "27"]
[EventDate "2022.12.26"]
[EventType "team-swiss"]
[EventRounds "7"]
[EventCountry "GER"]
[SourceTitle "CBM 212 Extra"]
[Source "ChessBase"]
[SourceDate "2023.03.31"]
[SourceVersion "1"]
[SourceVersionDate "2023.03.31"]
[SourceQuality "1"]
[WhiteTeam "Stuttgart Wolfbusch"]
[BlackTeam "Essen Katernberg"]
[WhiteTeamCountry "GER"]
[BlackTeamCountry "GER"]

1. d4 Nf6 2. Bf4 c5 3. c3 Qb6 4. Qb3 e6 5. Nf3 d6 6. e3 Be7 7. Nbd2 Nbd7 8. Be2 0-0 9. 0-0 h6 10. Nc4 Qc6 11. Na5 Qb6 12. Nc4 Qc6 13. Na5 Qb6 14. Nc4 1/2-1/2

[Event "GER-chT U14"]
[White "Dauerer, Leonhard"]
[Black "Schimann, Kirill"]
[Site "Kelheim"]
[Round "3"]
[Result "0-1"]
[Date "2022.12.28"]
[WhiteElo "1069"]
[BlackElo "1363"]
[PlyCount "96"]
[EventDate "2022.12.26"]
[EventType "team-swiss"]
[EventRounds "7"]
[EventCountry "GER"]
[SourceTitle "CBM 212 Extra"]
[Source "ChessBase"]
[SourceDate "2023.03.31"]
[SourceVersion "1"]
[SourceVersionDate "2023.03.31"]
[SourceQuality "1"]
[WhiteTeam "Kelheim"]
[BlackTeam "Stuttgart Wolfbusch"]
[WhiteTeamCountry "GER"]
[BlackTeamCountry "GER"]

1. e4 c6 2. d4 d5 3. Nc3 dxe4 4. Nxe4 Bf5 5. Ng3 Bg6 6. Nf3 e6 7. Bc4 Nf6 8. Bg5 h6 9. Be3 Be7 10. 0-0 0-0 11. c3 Nbd7 12. Re1 Nd5 13. Qd2 Nxe3 14. fxe3 Nb6 15. Bb3 Bd6 16. Qf2 Qc7 17. Rad1 Bxg3 18. Qxg3 Qxg3 19. hxg3 Rad8 20. Kf2 Nc8 21. Ne5 Bh7 22. Rf1 Rd6 23. Nc4 Rd7 24. Ne5 Re7 25. Rh1 Nd6 26. Kf3 Ne4 27. Rh4 Nf6 28. Rdh1 Nd7 29. Rh5 Nxe5+ 30. Rxe5 Bg6 31. g4 b6 32. g5 h5 33. Kg3 Rfe8 34. a3 f6 35. gxf6 gxf6 36. Rexh5 Bxh5 37. Rxh5 Rh7 38. Rh4 Rxh4 39. Kxh4 Kg7 40. Kg3 e5 41. Kf2 exd4 42. exd4 Kg6 43. Bc2+ Kg5 44. g3 f5 45. b4 Rh8 46. Kg2 f4 47. gxf4+ Kxf4 48. Kf2 Rh2+ 0-1